000 00441nab a2200145Ia 4500
003 ES-SlBCS
005 20210601125229.0
008 140529s1971 xxu||||| |||| 00| 0 eng d
041 _aeng
100 1 _aHarris, Marjorie S.
_9155706
245 0 0 _aEnrique Molina, In Memoriam
_c Marjorie S. Harris
600 1 4 _aMolina, Enrique
_93062
773 0 _tPhilosophy and Phenomenological Research
_gvol. 32, 1971, págs. 89-95
_wRev1411
942 _cAR
999 _c526899
_d526899